| 000 | 00343nam a22001577a 4500 | ||
|---|---|---|---|
| 020 | _a818204-0213 | ||
| 082 |
_a651.3 _bSIN |
||
| 100 | _aSINGH, R.K | ||
| 245 | _aHOTEL MANAGEMENT | ||
| 250 | _a1ST | ||
| 260 |
_aDELHI _bAMAN PUBLISHER _c2006 |
||
| 300 | _a272 | ||
| 650 | _aHOTEL MANAGEMENT | ||
| 653 | _aHOTEL, MANAGEMENT | ||
| 942 |
_2ddc _cBK |
||
| 999 |
_c8023 _d8023 |
||